| 000 | 00378nam a22001457a 4500 | ||
|---|---|---|---|
| 008 | 160718b xxu||||| |||| 00| 0 eng d | ||
| 020 | _a978-972-8721-84-8 | ||
| 080 | _a17 | ||
| 100 | _aMario Moura | ||
| 245 |
_aO lado Humano da Medicina _bEtica |
||
| 250 | _a1 ed. | ||
| 260 |
_aLisboa _bPadroes Culturais Editora _c2007 |
||
| 300 |
_a201 pp _b _c _e _f _g |
||
| 942 |
_2udc _cBK |
||
| 999 |
_c37636 _d37636 |
||